00325nam a2200121Ia 4500008004000000082001300040100002100053245005800074250000500132260003700137300001300174650001600187210210b1970 xxu||||| |||| 00| 0 eng d a581 VASB aVASHISHTA (B R). aBotany for degree students: Part III Bryophyta. Ed 4. a aDelhibS. Chand & Co. Ltd.c1970 aviii,311 aBryophyta